Atlas infantil O Mundo (Record no. 43721)

MARC details
000 -Etiqueta do registo
Valores 00327nam a2200157 4500
100 ## - Dados gerais de processamento
Dados gerais 20241018 pory50
101 ## - Língua de publicação
Língua por
102 ## - País de publicação
País PT
200 ## - Titulo e menção de responsabilidade
Título próprio Atlas infantil O Mundo
210 ## - Publicação
Local de publicação [S.l.]
Nome do editor Dinalivro
Data de publicação [S.d.]
215 ## - Descrição física 
Paginação / Volumes 31 p.
675 ## - CDU
Notação 912
801 ## - Fonte de origem
País PT
Regras de catalogação RPC
990 ## - Elementos KOHA
Tipo de documento Livro
Holdings
Aquisição Empréstimo Código de barras Cota Permissão de empréstimo Tipo de documento
Biblioteca do Centro Escolar de Redondo Biblioteca do Centro Escolar de Redondo 80454 912 ATL ATLAS M.   Livro

Powered by Koha